Biggest City in the United States by Letter - Statistics

General Stats
  • This quiz has been taken 57 times
  • The average score is 21 of 26
Answer Stats
Letter City State % Correct
L Los Angeles California
98%
N New York City New York
98%
B Baltimore Maryland
96%
C Chicago Illinois
96%
I Indianapolis Indiana
96%
P Phoenix Arizona
96%
A Austin Texas
94%
D Dallas Texas
94%
H Houston Texas
94%
J Jacksonville Florida
92%
K Kansas City Missouri
92%
O Oklahoma City Oklahoma
92%
T Tucson Arizona
92%
M Memphis Tennessee
90%
R Raleigh North Carolina
90%
S San Antonio Texas
90%
V Virginia Beach Virginia
87%
E El Paso Texas
83%
F Fort Worth Texas
81%
Y Yonkers New York
71%
Q Quincy Massachusetts
67%
W Washington D.C. Maryland?
67%
G Greensboro North Carolina
63%
X Xenia Ohio
33%
Z Zanesville Ohio
29%
U Upland California
15%
No matching quizzes found
Score Distribution
Percent of People with Each Score
Percentile by Number Answered
Your Score History
You have not taken this quiz